| 000 | 01217nam a2200289 a 4500 | ||
|---|---|---|---|
| 001 | BRCA_8444 | ||
| 005 | 20190320210301.0 | ||
| 008 | 301015s2015----u--a######---#000-0#eng-# | ||
| 020 | _a9780878468126 | ||
| 041 | _aeng | ||
| 044 | _au | ||
| 050 | 4 |
_aNK801 _b.C37 2015 |
|
| 100 | 1 |
_aCarr, Dennis _q(Dennis Andrew) _921141 |
|
| 245 | 1 | 0 |
_aMade in the Americas _bthe New World Discovers Asia _cDennis Carr ; with contributions by Gauvin Alexander Bailey ... [et al.]. |
| 260 |
_aBoston _bMFA Publications, Museum of Fine Arts, Boston _cc2015 |
||
| 300 |
_a159 p. _bil. a color, mapas _c27 cm. |
||
| 500 | _aIncluye lista de ilustraciones e índice alfabético | ||
| 500 | _aIncluye piezas de la colección Franz Mayer: p. 61 y 88 | ||
| 504 | _aBibliografía : p. 144-146 | ||
| 650 | 1 | 4 |
_aDecorative arts, Early American _vExposiciones _921142 |
| 650 | 1 | 4 |
_aDecorative arts, Spanish colonial _vExposiciones _921143 |
| 650 | 1 | 4 |
_aArtes decorativas _vExposiciones _xInfluencias asiáticas _zEstados Unidos _921144 |
| 650 | 1 | 4 |
_aArtes decorativas _vExposiciones _xInfluencias asiáticas _zAmérica Latina _921145 |
| 700 | 1 |
_aBailey, Gauvin Alexander _95261 |
|
| 710 | 2 |
_aMuseum of Fine Arts, Boston _921146 |
|
| 942 |
_2lcc _cB |
||
| 999 |
_c8111 _d8111 |
||